000 00312nam a2200121Ia 4500
008 220217s9999||||xx |||||||||||||| ||und||
082 _a621.381 NAV
100 _aNavas, K.A
245 0 _aElectronic Lab Manual
260 _aRajeswari publication
_bBangalore
_c2003
300 _b150
650 _aELECTRONICS
999 _c175150
_d175150